Estadísticas para Signos Zodiacales Chinos

Haz click aquí para tomar la prueba!

Estadísticas generales

  • Esta prueba ha sido tomada 693 veces
  • La puntuación promedio es 8 de 12

Estadísticas de respuestas

Animal % Correcto
Perro
91%
Rata
83%
Dragón
82%
Cerdo
76%
Tigre
75%
Serpiente
73%
Caballo
71%
Gallo
67%
Mono
67%
Cabra
64%
Liebre
59%
Buey
39%

Distribución de puntuación

Porcentaje por número respondido

Porcentaje de gente con cada puntuación

Historial de tus puntuaciones

No has tomado esta prueba